000 00513nam a2200181Ia 4500
008 240925s9999 xx 000 0 und d
020 _a978007162998
082 _a512.9 STE
100 _aSteege, Ray ; Bailey, Kelly
245 0 _aIntermediate Algebra
250 _a2nd
260 _aNew Delhi:
_bMcGraw Hill Education (India) Private Limited
_c,2010.
300 _aVarious pages
_bNA
_fOriginal
500 _aIncludes Index
600 _aHumanities & Natural Science
650 _aMathematics
942 _cBK
999 _c15173
_d15173